000 00531nam a2200181Ia 4500
008 090123s9999 xx 000 0 und d
082 _b12528
_a891.463/नांगरे
100 _aनांगरे बलराम
245 _aदैवरेखा
250 _a1
260 _bपाठक ग.रा.
_c1964
300 _a151
600 _aनांगरे बलराम
630 _aदैवरेखा
700 _aनांगरे बलराम
730 _aदैवरेखा
942 _cBOOK
999 _c50593
_d50593